00305nam a2200121Ia 4500008004100000041000800041082001500049100001900064245003000083260003900113300002400152365000700176240624s9999 xx 000 0 und d aeng a005.73 HUB aHUBBARD JOHN R aDATA STRUCTURES WITH JAVA c2005aNew DelhibPearson Education a549 : p. : cm. ; 25 cRS